• 首页
  • 本馆介绍
  • 公告通知
  • 最新文献
  • 馆藏检索
  • 电子资源
  • 读者导购
  • 参考咨询
  • 我的图书馆
  • 登录
  • 详细信息显示
  • 放入我的书架
  • 预约/预借图书
  • 作者相关作品
  • 分类相关作品
  • 丛书相关作品
  • 出版社相关作品

书目信息

  • 表格格式
  • 工作单格式
  • 卡片格式
题名:
运筹学
    
 
作者: 胡知能 , 徐玖平 编著
分册:  
出版信息: 北京   科学出版社  2003
页数: 378页
开本: 24cm
丛书名:
单 册:
中图分类: O224.31
科图分类:
主题词: 运筹学--应用--线性规划 , 线性规划 , 运筹学
电子资源:
ISBN: 7-03-011292-X
000 00904nam0 2200277 450
001 002352609
005 20070729095515.35
010    @a7-03-011292-X@dCNY32.00
100    @a20030416d2003 kemy0chiy0110 ea
101 0  @achi
102    @aCN@b110000
105    @ay z 000yy
200 1  @a运筹学@Ayun chou xue@e线性系统优化@f胡知能,徐玖平编著
210    @a北京@c科学出版社@d2003
215    @a378页@d24cm
300    @a高等学校优秀青年教师教学科研奖励计划资助
330    @a本书系统介绍了线性系统优化的主要理论和方法,重点阐述了管理科学中应用最为广泛的线性规划、线性规划的对偶理论等。
517 1  @a线性系统优化@9xian xing xi tong you hua
606 0  @a运筹学@x应用@x线性规划
606 0  @a线性规划
606 0  @a运筹学
690    @aO224.31@v4
701  0 @a胡知能@Ahu zhi neng@c(运筹学)@4编著
701  0 @a徐玖平@Axu jiu ping@4编著
801  0 @aCN@bWHC@c20070729
905    @a10447@dO224.31@e139
    
    运筹学:线性系统优化/胡知能,徐玖平编著.-北京:科学出版社,2003
    378页;24cm
    高等学校优秀青年教师教学科研奖励计划资助
    
    ISBN 7-03-011292-X:CNY32.00
    本书系统介绍了线性系统优化的主要理论和方法,重点阐述了管理科学中应用最为广泛的线性规划、线性规划的对偶理论等。
●
相关链接 在E读中查询图书 在五车中查询图书 在当当中查询图书 在豆瓣中查询图书


正题名:运筹学     索取号:O224.31/139         预约/预借

序号 登录号 条形码 馆藏地/架位号 状态 备注
1 0784956   207849569   第三借阅区/ [索取号:O224.31/139] 在馆    
2 0785281   207852812   第二样本阅览室/ [索取号:O224.31/139] 在馆    
3 0785282   207852821   第三借阅区/ [索取号:O224.31/139] 在馆    
4 0785283   207852830   第三借阅区/ [索取号:O224.31/139] 在馆    
5 0785284   207852849   第三借阅区/ [索取号:O224.31/139] 在馆    
唐山师范学院图书馆 欢迎您!
大连网信软件有限公司© 版权所有